000 02622nam a2200265Ia 4500
003 PE SENCICO BE
005 20251020182548.0
008 200515s9999 xx 000 0 und d
040 _aPE SENCICO BE
_cPE SENCICO BE
041 _aspa
082 _a697.93
_bC1
110 1 _91378
_aCarrier International Limited
245 1 0 _aManual de aire acondicionado :
_b(handbook of air conditioning system design) /
_cCarrier International Limited
250 _a[1a ed.]
260 _aBarcelona :
_bMarcombo ediciones técnicas,
_c2012
300 _apaginación variada :
_bil., diagrs. ;
_c27 cm.
505 0 _aEstimación de la carga térmica: análisis del local y estimación de la carga -- condiciones de proyecto -- almacenamiento de calor, no simultaneidad y estratificación -- ganancias por insolación de las superficies de vidrio. radiación solar directa y difusa -- transmisión de calor y de vapor de agua a través de las estructuras del edificio -- infiltraciones y ventilación -- ganancias interiores y ganancias debidas a la instalación -- empleo del diagrama psicrométrico -- condiciones de bienestar -- distribución del aire: elementos para el tratamiento del aire -- proyecto de conductos de aire -- distribución de aire en espacios acondicionados -- proyecto de la tubería: proyecto de la tubería -- tuberías de agua -- refrigerantes, salmueras, aceites: refrigerantes -- salmueras -- tratamiento de aguas: tratamientos del agua: generalidades -- control de incrustaciones y depósitos -- control de la corrosión -- control de lodos y algas -- sistema de tratamiento de aguas -- equipo de tratamiento del aire: ventiladores -- aparatos de acondicionamiento de aire ++ filtros -- equipo de refrigeración: compresores -- máquina de refrigeración por absorción -- evaporadores -- condensadores -- equipo auxiliar; bombas centrífugas -- motores eléctricos -- calderas -- sistema de acondicionamiento y sus aplicaciones: sistema de acondicionamiento y sus aplicaciones -- sistemas todo aire: sistemas todo aire -- sistema de inducción -- sistema de unidad multizona -- sistema de caudal de aire variable (vav) -- sistemas refrigerante-aire -- sistemas todo-agua: sistemas de fan-coils -- suelo radiante -- temas especiales: bomba de calor -- cogeneración de calor y electricidad -- energía geotérmica -- introducción a la energía solar
650 1 0 _aAire acondicionado
_953
650 2 0 _aIngeniería térmica
_91379
650 2 0 _aSistemas de refrigeración
_9525
650 2 0 _aCondensadores
_9556
650 2 0 _aEvaporadores
_9558
650 2 0 _aCalderas
_91380
942 _cLIB
_2ddc
999 _c2626
_d2626